Mistério na escola (Registo nº 2000)

Detalhes MARC
000 -Etiqueta do registo
Cabeçalho 00867nam a22002891 4500
005 - Identificador da versão
Campo de controlo 20240813121921.0
021 ## - Número do Depósito Legal
Código do país PT
100 ## - Dados gerais de processamento
Dados gerais de processamento 20070627d1984 da y0pory5003 ba
102 ## - Pais de publicação ou produção
País de publicação Portugal
101 1# - Língua de publicação
Língua do texto, banda sonora, etc. Português
Língua do documento no original Inglês
106 ## - Campo de dados codificados: material textual
Dados codificados do material textual r
105 ## - Campo de dados codificados: livros
Dados codificados dos livros a z 001ay
215 ## - Descrição física 
Indicação específica da natureza do documento e extensão da espécie 146 p.
Outras indicações físicas il.
Dimensões 21cm
200 1# - Titulo e menção de responsabilidade
Título próprio Mistério na escola
Primeira menção de responsabilidade Laura Lee Hope
Outras menções de responsabilidade trad. Ricardo Alberty, il. Luís Anglin
225 2# - Colecção 
Título próprio da colecção As Aventuras dos 4 gémeos
Indicação de volume 4
210 ## - Publicação, Distribuição, etc. 
Lugar da edição, distribuição, etc. Lisboa
Nome do editor, distribuidor, etc. Verbo
Data da publicação, distribuição, etc. cop. 1984
304 ## - Notas relativas a título e menção de responsabilidade 
Texto da nota Tít. orig.: Mystery at school
606 ## - Nome comum usado como assunto
Número de registo de entrada de autoridade 0000229
Palavra de ordem Literatura estrangeira infanto-juvenil
Subdivisão de assunto Romance de aventuras
675 ## - Classificação Decimal Universal (CDU)
Notação 82-311.3
Edição
Língua da edição por
702 #1 - Nome de autor-pessoa física (responsabilidade secundária)
Número de registo de entrada de autoridade 0000199
Palavra de ordem Alberty
Outra parte do nome não tomada para palavra de ordem Ricardo
Código de função Tradutor
Número de registo de entrada de autoridade 0000689
Palavra de ordem Anglin
Outra parte do nome não tomada para palavra de ordem Luís
Código de função Ilustrador / Técnico de desenho computorizado
700 #1 - Nome de autor-pessoa física (responsabilidade principal)
Número de registo de entrada de autoridade 0000688
Palavra de ordem Hope
Outra parte do nome não tomada para palavra de ordem Laura Lee
942 ## - Elementos de entrada adicionados (Koha)
Tipo de item no Koha Livro
Exemplares
Situação do levantamento Origin of item (home branch) (coded) Biblioteca de empréstimo Código de barras Cota Circulation type (not for loan) Tipo de documento Nota do exemplar Damaged status
  Biblioteca Escolar da Coca Maravilhas Biblioteca Escolar da Coca Maravilhas BECM2593/94 8EST HOP   Livro Sem mensagem